Improvement of tomato (Lycopersicon esculentum) yield and soil properties by using chitosan raw material powder / (Record no. 15912)

MARC details
000 -LEADER
fixed length control field 01129nam a22002657a 4500
003 - CONTROL NUMBER IDENTIFIER
control field BD-DhSAU
005 - DATE AND TIME OF LATEST TRANSACTION
control field 20220803161836.0
008 - FIXED-LENGTH DATA ELEMENTS--GENERAL INFORMATION
fixed length control field 220425b2020 bg bad|| |||| 000 0 eng d
040 ## - CATALOGING SOURCE
Original cataloging agency BD-DhSAU
082 ## - DEWEY DECIMAL CLASSIFICATION NUMBER
Edition number 22
Classification number 631.4
Item number K5271
100 ## - MAIN ENTRY--PERSONAL NAME
Personal name Khan, Md. Tanjilur Rahman
Relator term Registration # 18-09290
245 ## - TITLE STATEMENT
Title Improvement of tomato (Lycopersicon esculentum) yield and soil properties by using chitosan raw material powder /
Remainder of title MS thesis
Statement of responsibility, etc. Md. Tanjilur Rahman Khan
260 ## - PUBLICATION, DISTRIBUTION, ETC. (IMPRINT)
Place of publication, distribution, etc. Sher-e-Bangla Agricultural Uniersity :
Name of publisher, distributor, etc. Department of Soil Science ;
Date of publication, distribution, etc. December, 2020
300 ## - PHYSICAL DESCRIPTION
Extent x, 66 p. :
Other physical details ill. , charts, maps ;
Dimensions 30 cm.
500 ## - GENERAL NOTE
General note MS thesis Department of Soil Science, Faculty of Agriculture, Sher-e-Bangla Agricultural University, Dhaka, Bangladesh
590 ## - Name of Cataloguer
Name of Cataloger kobir
650 ## - SUBJECT ADDED ENTRY--TOPICAL TERM
Topical term or geographic name as entry element Soil Science
650 ## - SUBJECT ADDED ENTRY--TOPICAL TERM
Topical term or geographic name as entry element Tomato
650 ## - SUBJECT ADDED ENTRY--TOPICAL TERM
Topical term or geographic name as entry element Lycopersicon esculentum
650 ## - SUBJECT ADDED ENTRY--TOPICAL TERM
Topical term or geographic name as entry element Chitosan raw material powder
700 ## - ADDED ENTRY--PERSONAL NAME
Personal name Issak, Mohammad
Relator term Supervisor
700 ## - ADDED ENTRY--PERSONAL NAME
Personal name Khan, Md. Asaduzzaman
Relator term Co-Supervisor
856 ## - ELECTRONIC LOCATION AND ACCESS
Link text Online Access
Uniform Resource Identifier <a href="http://archive.saulibrary.edu.bd:8080/xmlui/handle/123456789/3890">http://archive.saulibrary.edu.bd:8080/xmlui/handle/123456789/3890</a>
942 ## - ADDED ENTRY ELEMENTS (KOHA)
Source of classification or shelving scheme Dewey Decimal Classification
Koha item type MS Level Thesis
Holdings
Withdrawn status Lost status Source of classification or shelving scheme Damaged status Not for loan Collection code Home library Branch Name Shelving location Date acquired Total Checkouts Full call number Barcode Date last seen Price effective from Koha item type
    Dewey Decimal Classification   Not For Loan Reference SAU Library SAU Library Reference 22/06/2022   631.4 K5271 43521 03/08/2022 03/08/2022 MS Level Thesis